000
00267nam a2200121 a 4500
008
100920s1977|||| d
100
1
_a
Ezerová, Regina
245
1
0
_a
Plánka
260
_b
Obzor
_a
Bratislava
_c
1977
020
_c
16
044
_a
xo
_c
SK
041
_a
slo
999
_c
10512
_d
10512